[Event "Novosibirsk Region-ch sf"]
[Site "Novosibirsk"]
[Date "2010.10.19"]
[Round "4"]
[White "Sedykh, Alexander"]
[Black "Popov, Nikita"]
[Result "0-1"]
[WhiteElo "2120"]
[BlackElo "1781"]
[PlyCount "74"]
[EventDate "2010.??.??"]
[EventType "swiss"]
[EventRounds "9"]
[EventCountry "RUS"]
[SourceTitle "EXT 2014"]
[Source "ChessBase"]
[SourceDate "2013.11.20"]
[SourceVersion "1"]
[SourceVersionDate "2013.11.20"]
[SourceQuality "1"]

1. Nf3 Nf6 2. g3 g6 3. Bg2 Bg7 4. 0-0 0-0 5. d3 d5 6. Nbd2 e6 7. e4 c5 8. Re1 Nc6 9. c3 d4 10. c4 e5 11. Nb3 b6 12. Ng5 h6 13. Nh3 g5 14. f4 Bg4 15. Qd2 gxf4 16. gxf4 Nh5 17. f5 Qh4 18. Qf2 Bf6 19. Qxh4 Bxh4 20. Bxh6 Bxh3 21. Bxh3 Bxe1 22. Bxf8 Rxf8 23. Rxe1 Nf4 24. Bf1 Nb4 25. Nc1 Nc2 26. Rd1 Ne3 27. Rd2 Kh7 28. Rf2 Rg8+ 29. Kh1 Kh6 30. Rf3 Kh5 31. Rg3 Rxg3 32. hxg3 Nxf1 33. gxf4 exf4 34. Kg2 Nd2 35. Kf2 Kg4 36. Ne2 Nf3 37. Ng1 Ne5 0-1

[Event "Novosibirsk Region-ch sf"]
[Site "Novosibirsk"]
[Date "2010.10.17"]
[Round "2"]
[White "Sedykh, Alexander"]
[Black "Begishev, Sergei"]
[Result "1-0"]
[WhiteElo "2120"]
[BlackElo "1938"]
[PlyCount "79"]
[EventDate "2010.??.??"]
[EventType "swiss"]
[EventRounds "9"]
[EventCountry "RUS"]
[SourceTitle "EXT 2014"]
[Source "ChessBase"]
[SourceDate "2013.11.20"]
[SourceVersion "1"]
[SourceVersionDate "2013.11.20"]
[SourceQuality "1"]

1. e4 e5 2. Nf3 Nc6 3. Bc4 Bc5 4. c3 Nf6 5. d4 exd4 6. 0-0 d6 7. cxd4 Bb6 8. Nc3 0-0 9. Bb3 Bg4 10. Be3 Bxf3 11. gxf3 Qd7 12. Kh1 Qh3 13. Rg1 Nh5 14. Nd5 Rae8 15. Nxb6 axb6 16. Rg5 g6 17. Bc4 Qh4 18. Rg4 Qf6 19. Be2 Qg7 20. Qd2 f5 21. Rh4 f4 22. Rxh5 fxe3 23. fxe3 Rf6 24. Rg5 Qh6 25. Rag1 Qf8 26. R5g3 Ra8 27. f4 Kh8 28. a3 Rd8 29. Qc3 d5 30. e5 Re6 31. Bg4 Re7 32. Qc2 Rf7 33. Be6 Re7 34. f5 Qh6 35. Qg2 Rxe6 36. fxe6 Ne7 37. Rh3 Qg7 38. Rf3 Rf8 39. Rxf8+ Qxf8 40. Rf1 1-0

[Event "Novosibirsk Region-ch sf"]
[Site "Novosibirsk"]
[Date "2010.10.16"]
[Round "1"]
[White "Ershov, Kirill"]
[Black "Sedykh, Alexander"]
[Result "1/2-1/2"]
[WhiteElo "1866"]
[BlackElo "2120"]
[PlyCount "57"]
[EventDate "2010.??.??"]
[EventType "swiss"]
[EventRounds "9"]
[EventCountry "RUS"]
[SourceTitle "EXT 2014"]
[Source "ChessBase"]
[SourceDate "2013.11.20"]
[SourceVersion "1"]
[SourceVersionDate "2013.11.20"]
[SourceQuality "1"]

1. e4 c5 2. Nf3 d6 3. d4 cxd4 4. Qxd4 a6 5. c4 Nc6 6. Qd2 Nf6 7. Nc3 Bg4 8. Nd4 e5 9. Nc2 Be7 10. f3 Be6 11. Be2 0-0 12. 0-0 Qb6+ 13. Qe3 Nd4 14. Kh1 Nd7 15. Qd2 h6 16. Nxd4 exd4 17. Nd5 Bxd5 18. cxd5 Bf6 19. Rb1 Rac8 20. b3 Rc7 21. Ba3 Rfc8 22. Rbc1 Nc5 23. Bxc5 Rxc5 24. f4 Rc3 25. Rxc3 dxc3 26. Qc2 Qe3 27. Bd3 Qd2 28. Rf2 Qe1+ 29. Rf1 1/2-1/2

[Event "Novosibirsk April op"]
[Site "Novosibirsk"]
[Date "2010.04.02"]
[Round "1"]
[White "Korobkov, Vadim"]
[Black "Sedykh, Alexander"]
[Result "0-1"]
[WhiteElo "1840"]
[BlackElo "2104"]
[PlyCount "96"]
[EventDate "2010.04.02"]
[EventType "swiss"]
[EventRounds "9"]
[EventCountry "RUS"]
[SourceTitle "EXT 2011"]
[Source "ChessBase"]
[SourceDate "2010.11.26"]
[SourceVersion "1"]
[SourceVersionDate "2010.11.26"]
[SourceQuality "1"]

1. d4 Nf6 2. Nf3 g6 3. Bg5 Bg7 4. e3 0-0 5. Nbd2 d6 6. Bd3 c5 7. c3 Nc6 8. h4 cxd4 9. exd4 h6 10. Bf4 e5 11. Be3 Re8 12. Qc2 exd4 13. cxd4 Nb4 14. Qb1 Nxd3+ 15. Qxd3 Bf5 16. Qb3 Ng4 17. 0-0 Nxe3 18. fxe3 Qd7 19. Rac1 Re7 20. Rc3 Rae8 21. Kf2 h5 22. Rfc1 Bh6 23. Nf1 Be4 24. Rc7 Qg4 25. N1h2 Qf5 26. Rxe7 Rxe7 27. Rc3 Bd5 28. Qa3 Qe6 29. Nf1 b5 30. b3 f5 31. Qc1 Bxf3 32. gxf3 f4 33. e4 Qf6 34. Rc8+ Kh7 35. Rc7 Qxd4+ 36. Kg2 Rxc7 37. Qxc7+ Bg7 38. Qc2 Qb2 39. Qxb2 Bxb2 40. a4 a6 41. Nd2 Kg7 42. axb5 axb5 43. b4 Kf6 44. Nb3 Ke5 45. Kf2 Bc3 46. Na5 Ke6 47. Nc6 Kd7 48. Na7 Bd4+ 0-1